<?xml version="1.0" encoding="UTF-8"?>
<marc:record xmlns:marc="http://www.loc.gov/MARC21/slim">
   <marc:leader>00000nam a2200000 a 4500</marc:leader>
   <marc:datafield ind1="1" ind2=" " tag="100">
      <marc:subfield code="a">Stabenow, Dana</marc:subfield>
      <marc:subfield code="4">aut</marc:subfield>
      <marc:subfield code="e">Verfasser/-in</marc:subfield>
   </marc:datafield>
   <marc:datafield ind1="0" ind2="0" tag="245">
      <marc:subfield code="a">Vor der Küste Alaskas</marc:subfield>
   </marc:datafield>
   <marc:datafield ind1="0" ind2="0" tag="245">
      <marc:subfield code="b">Ein Fall für Kate Shugak</marc:subfield>
   </marc:datafield>
   <marc:datafield ind1="0" ind2="0" tag="245">
      <marc:subfield code="c">Dana Stabenow</marc:subfield>
   </marc:datafield>
   <marc:datafield ind1=" " ind2="1" tag="264">
      <marc:subfield code="a">Zürich</marc:subfield>
      <marc:subfield code="b">Kampa Verlag</marc:subfield>
      <marc:subfield code="c">2025</marc:subfield>
   </marc:datafield>
   <marc:datafield ind1="1" ind2=" " tag="490">
      <marc:subfield code="a">Ein Fall für Kate Shugak</marc:subfield>
      <marc:subfield code="v">3</marc:subfield>
   </marc:datafield>
   <marc:datafield ind1=" " ind2=" " tag="250">
      <marc:subfield code="a">1. Auflage</marc:subfield>
   </marc:datafield>
   <marc:datafield ind1="1" ind2=" " tag="520">
      <marc:subfield code="a">Der Kapitän unfähig und korrupt, die Mannschaft gierig und unkollegial, die Bedingungen mehr als unwirtlich. Kate Shugak bereut, den gefährlichen Auftrag überhaupt angenommen zu haben. Aber sie kämpft für Gerechtigkeit: Christopher Alcala und Stuart Brown sind vor sechs Monaten von ebendem Schiff verschwunden, auf dem Shugak undercover als Krabbenfischerin angeheuert hat. Eigentlich Ermittlerin für die Staatsanwaltschaft von Anchorage, hält sie jetzt auf der Brücke Ausschau nach Eisbergen, sortiert Krabben, versenkt Fangkörbe in den Untiefen des dunklen Beringmeers – und lässt die Crew der Avilda dabei nicht aus den Augen. Warum sind die beiden Männer nie heimgekehrt? Hat der Skipper sie einfach ihrem Schicksal und der todbringenden Kälte Alaskas überlassen? Der Vorstand der Reederei macht Druck, die Seeversicherung weigert sich zu zahlen, die Familien der Vermissten fordern Aufklärung. Ihr neuester Fall führt Shugak von Dutch Harbor bis in die abgelegensten Ecken der aleutischen Vulkaninseln.</marc:subfield>
   </marc:datafield>
   <marc:datafield ind1=" " ind2=" " tag="020">
      <marc:subfield code="a">9783311121169</marc:subfield>
      <marc:subfield code="9">9783311121169</marc:subfield>
   </marc:datafield>
   <marc:datafield ind1=" " ind2=" " tag="020">
      <marc:subfield code="a">3311121163</marc:subfield>
      <marc:subfield code="9">3311121163</marc:subfield>
   </marc:datafield>
   <marc:datafield ind1=" " ind2=" " tag="041">
      <marc:subfield code="a">ger</marc:subfield>
   </marc:datafield>
   <marc:datafield ind1=" " ind2=" " tag="300">
      <marc:subfield code="a">208 Seiten</marc:subfield>
   </marc:datafield>
</marc:record>
